States with the Most Roundabouts. (Clues!) - Statistics

General Stats
  • This quiz has been taken 23 times
  • The average score is 9 of 10
Answer Stats
How many Hint Answer % Correct
446 West Coast state you probably guessed first. California
100%
589 Do they need separate lanes for the alligators? Florida
100%
396 Everything's bigger here. Texas
100%
390 Buckle the Twins in the backseat if you're hitting the road in this state. Minnesota
95%
488 Don't spill your Starbucks whilst navigating the turns! Washington
95%
471 Cheese heads love roundabouts, b'gosh! Wisconsin
95%
410 Caution: roundabouts may be a mile high. Colorado
89%
447 East Coast state known for basketball and NASCAR. North Carolina
89%
311 Encounter roundabouts here, and you're probably driving in a "C" city. Ohio
89%
480 The city that leads the nation in roundabouts is in this midwestern state. Indiana
84%
No matching quizzes found
Score Distribution
Percent of People with Each Score
Percentile by Number Answered
Your Score History
You have not taken this quiz